|
|
|
|
| LEADER |
00000nas a2200000 a 4500 |
| 001 |
ssj0000631 |
| 003 |
WaSeSS |
| 005 |
20200512172242.0 |
| 006 |
m d |
| 007 |
cr n |
| 008 |
020501d19752010cauar ss f0 a0eng c |
| 010 |
|
|
|a 2005263082
|
| 022 |
|
|
|a 2163-5870
|y 0363-0021
|
| 035 |
|
|
|a (WaSeSS)ssj0000631
|
| 037 |
|
|
|b Public Information Dept., Federal Reserve Bank of San Francisco, P.O. Box 7702, San Francisco, CA 94120
|
| 040 |
|
|
|a WCM
|b eng
|c WCM
|d OCLCQ
|d TXA
|d OCLCQ
|d COD
|d DLC
|d COD
|d OCLCQ
|d OCLCO
|d OCLCA
|d OCLCF
|d OCLCO
|d VT2
|d OCLCQ
|d HUL
|d WaSeSS
|
| 042 |
|
|
|a pcc
|a nsdp
|
| 043 |
|
|
|a n-us---
|
| 050 |
1 |
4 |
|a HC101
|b .E435
|
| 082 |
1 |
0 |
|a 330
|2 14
|
| 130 |
0 |
|
|a Economic review (Online)
|
| 210 |
0 |
|
|a Econ. rev.
|b (San Franc. Online)
|
| 222 |
|
0 |
|a Economic review
|b (San Francisco. Online)
|
| 245 |
1 |
0 |
|a Economic review
|h [electronic resource] /
|c Federal Reserve Bank of San Francisco.
|
| 246 |
1 |
|
|i Also known as:
|a FRBSF Economic Review
|
| 260 |
|
|
|a San Francisco, CA :
|b Research Dept., Federal Reserve Bank of San Francisco
|
| 310 |
|
|
|a Annual,
|b 2000-
|
| 321 |
|
|
|a Three times a year,
|b -1999
|
| 362 |
1 |
|
|a Print began with Dec. 1975; ceased with 2010.
|
| 506 |
|
|
|a License restrictions may limit access.
|
| 538 |
|
|
|a Mode of access: World Wide Web.
|
| 588 |
|
|
|a Description based on: 1995, no. 3; title from 1995 table of contents (FRBSF, viewed Nov. 8, 2005).
|
| 588 |
|
|
|a Latest issue consulted: 2010 (viewed Sept. 20, 2011).
|
| 648 |
|
7 |
|a Since 1981
|2 fast
|
| 650 |
|
0 |
|a Finance
|v Periodicals.
|
| 650 |
|
0 |
|a Commerce
|v Periodicals.
|
| 650 |
|
7 |
|a Commerce.
|2 fast
|0 (OCoLC)fst00869279
|
| 650 |
|
7 |
|a Economic history.
|2 fast
|0 (OCoLC)fst00901974
|
| 650 |
|
7 |
|a Economic policy.
|2 fast
|0 (OCoLC)fst00902025
|
| 650 |
|
7 |
|a Finance.
|2 fast
|0 (OCoLC)fst00924349
|
| 651 |
|
0 |
|a United States
|x Economic conditions
|y 1981-2001
|v Periodicals.
|
| 651 |
|
0 |
|a United States
|x Economic conditions
|y 2001-2009
|v Periodicals.
|
| 651 |
|
0 |
|a United States
|x Economic policy
|y 1993-2001
|v Periodicals.
|
| 651 |
|
0 |
|a United States
|x Economic policy
|y 2001-2009
|v Periodicals.
|
| 651 |
|
7 |
|a United States.
|2 fast
|0 (OCoLC)fst01204155
|
| 655 |
|
0 |
|a Electronic journals.
|
| 710 |
2 |
|
|a Federal Reserve Bank of San Francisco.
|b Research Department.
|
| 776 |
1 |
|
|t Economic review
|x 0363-0021
|w (DLC) 76644753
|w (OCoLC)2590214
|
| 856 |
4 |
0 |
|z Full text available from Research Library: 10/01/1987 to 01/31/2010
|u https://search.proquest.com/publication/41365
|